00700nam a2200229 a 4500001001300000003000900013005001700022008004100039020000800080082001600088100002000104245005900124260004400183300000900227500003500236505003000271650002200301902000800323942000700331952011500338999001700453nice12345678IN_TiNIC20260116015100.0050816s2005 gena grp 000 0 eng  ac000a234.13bJES aJesudasan, Usha aHealing as Empowermentb Discovering Gracein Community aGenevabWorld Council of Churchesc2005 a92p. aincludes index and biblioraphy2 aReports of the Conference aHealing-Religious bSRS cBK 001040708StackRoom-aHMIbHMId2005-08-16g0.00l0o234.13 JESp11001788r2005-08-16v0.00w2005-08-16yBK c18239d18239